000 00510nam a2200193Ia 4500
005 20250326143037.0
008 250326s9999 xx 000 0 und d
020 _a81-7446-275-9
037 _aTextbook
040 _aFMSL
_beng
_cFMSL
041 _aeng
_2eng
084 _aX:513 P2;1
_qFMSL
100 _aVerma H V
245 0 _aBrand Management
_cVerma H V
260 _aNew Delhi
_bNew Delhi, Excel Books
_c2002
300 _a273p
942 _cTB
_hX:513 P2;1
999 _c1297848
_d1297848